Game Theory: Understanding the Mathematics of Life

Sábháilte in:
Sonraí bibleagrafaíochta
Príomhchruthaitheoir: Clegg
Formáid: LEABHAR
Foilsithe / Cruthaithe: Icon Books
Clibeanna: Cuir clib leis
Níl clibeanna ann, Bí ar an gcéad duine le clib a chur leis an taifead seo!

MARC

LEADER 00000nam a2200000Ia 4500
005 20260513122050.0
020 |a 9781785788321 
100 |a Clegg 
365 |c Rs. 
365 |b 20.00 
942 |c BK 
245 |a Game Theory: Understanding the Mathematics of Life 
260 |b Icon Books 
999 |c 27  |d 27 
952 |0 0  |1 0  |4 0  |7 0  |a UNSW  |b UNSW  |d 2026-05-06  |g 799.00  |i 16685  |l 0  |p 000070  |r 2026-05-13 12:20:50  |v 799.00  |w 2026-05-13  |y BK